000 01404nam a2200361Ia 4500
001 ebr10062951
003 CaPaEBR
006 m u
007 cr cn|||||||||
008 940407s1994 txuab sb s001 0 eng d
010 _z 94016258
020 _z0203214463
020 _z0890966354 (alk. paper)
020 _z0890966362 (alk. paper : pbk.)
040 _aCaPaEBR
_cCaPaEBR
035 _a(OCoLC)567901077
050 1 4 _aQE522
_b.S29 1994eb
082 0 4 _a551.2/1
_220
100 1 _aScarth, Alwyn.
245 1 0 _aVolcanoes
_h[electronic resource] :
_ban introduction /
_cAlwyn Scarth.
250 _a1st U.S. ed.
260 _aCollege Station :
_bTexas A&M University Press,
_c1994.
300 _axiii, 273 p. :
_bill., maps.
490 1 _aThe Louise Lindsey Merrick natural environment series ;
_vno. 19
504 _aIncludes bibliographical references (p. 260-261) and indexes.
533 _aElectronic reproduction.
_bPalo Alto, Calif. :
_cebrary,
_d2009.
_nAvailable via World Wide Web.
_nAccess may be limited to ebrary affiliated libraries.
650 0 _aVolcanoes.
650 0 _aLandforms.
655 7 _aElectronic books.
_2local
710 2 _aebrary, Inc.
830 0 _aLouise Lindsey Merrick natural environment series ;
_vno. 19.
856 4 0 _uhttp://site.ebrary.com/lib/rucke/Doc?id=10062951
_zAn electronic book accessible through the World Wide Web; click to view
999 _c157822
_d157822